000 01691nam a2200337 c 4500
999 _c188087
_d188087
003 BLK
005 20200427132852.0
008 180411b bul|||||r ||||||| ||bul||
010 _aKNG00197105000
040 _aBLK
041 _aBUL
_cBUL
072 7 _2bullib
_aА
_xФонд Михаил Арнаудов
072 7 _2bullib
_aЯ
_xАвтографи
080 _aКласическа гръцка литература. Старогръцка литература
_b821.142
_x-1.09
_z821.142-1.09
100 1 _aБалабанов, Александър Михайлов
_eпърви автор
_9368000
139 _aБалабанов, Александър Михайлов
_bБ 18
245 1 0 _aЕволюция на мотивите в гръцката поезия в класическия период
_bЛит.-ист. студии
_cАлександър Михайлов Балабанов.
257 _aBGR
260 _bПридворна печ.
_c1911
300 _a129 с.
_c27 см
380 _a82
490 _9396381
_aЧастна колекция - Академик Михаил Арнаудов
_gДарение - Основен фонд
500 _aДатиране на кн.: 24. VІ. 911. - Подчертавания в текста и бележки по полетата. - Извадка от друга кн. (с. 19-30), посветена на Омир и творчеството му (с.44). - Автограф с текст: На г. М. Арнаудов Ал. Балабанов. - Мека подв.
650 4 _aГръцка литература
_9287029
659 _aА
659 _aЯ
852 _aМА 1773
_bМА
856 4 _qpdf
856 4 _qpdf
942 _cKNG
_n0
_s1
944 _aCR
_c30.11.2016
_kГеновева_Генчева
944 _aED
_c30.11.2016
_kГеновева_Генчева
999 _d188087
999 _d188087